[Event "Eq:Super Chess Team-Slap Shot Mates : "]
[Site "www.chess-mail.com"]
[Date "2017.09.07"]
[Round "1"]
[White "Corr"]
[Black "Jpmartinez"]
[WhiteElo "1950"]
[BlackElo "2590"]
[Result "1/2-1/2"]
[Round "1"]
1.e4 g6
2.d4 Bf8g7
3.Ng1f3 d6
4.Nb1c3 Ng8f6
5.Bf1e2 O-O
6.O-O c5
7.d5 e6
8.Bc1f4 exd5
9.exd5 Bc8g4
10.Rf1e1 a6
11.Qd1d2 Qd8c7
12.a4 Nb8d7
13.h3 Bg4xf3
14.Be2xf3 Ra8e8
15.b3 h5
16.Ra1d1 Nf6h7
17.Nc3e4 Nd7e5
18.c4 f5
19.Ne4g5 Nh7xg5
20.Bf4xg5 Qc7b6
21.Qd2c2 Qb6c7
22.Qc2d2 b6
23.Bf3e2 Ne5f7
24.Bg5e3 Re8e7
25.Be2d3 Rf8e8
26.Re1e2 Qc7d7
27.Rd1e1 Bg7f6
28.Be3f4 Re7xe2
29.Re1xe2 Nf7e5
30.Bd3c2 b5
31.axb5 axb5
32.Bf4xe5 Bf6xe5
33.Qd2h6 Be5g7
34.Re2xe8 Qd7xe8
35.Qh6e3 Qe8xe3
{ draw }
1/2-1/2

[Event "Tourn. n9493"]
[Site "www.chess-mail.com"]
[Date "2017.09.08"]
[Round "1"]
[White "Caspito"]
[Black "Vios"]
[WhiteElo "1900"]
[BlackElo "1979"]
[Result "0-1"]
[Round "1"]
1.e4 c5
2.b3 Nb8c6
3.Bc1b2 e5
4.Bf1c4 Ng8f6
5.Nb1c3 a6
6.Qd1f3 b5
7.Bc4d5 Bc8b7
8.Ng1h3 b4
9.Nh3g5 bxc3
10.Bd5xf7 Ke7
11.dxc3 h6
12.Qf3h3 hxg5
13.Qh3xh8 Kxf7
14.O-O Bf8e7
15.Qh8h3 Qd8h8
16.Qh3g3 Qh8h4
17.Qg3xh4 gxh4
18.c4 Nc6d4
19.Rf1e1 Nd4xc2
20.Bb2xe5 Nc2xa1
21.Be5xa1 Nf6xe4
22.h3 Be7f6
23.Ba1xf6 Ne4xf6
24.f3 Ra8e8
25.Re1d1 d5
26.Kh2 d4
27.Rd1d2 Nf6h5
28.Rd2f2 Nh5g3
{ resign }
0-1

[Event "Tourn. n9451"]
[Site "www.chess-mail.com"]
[Date "2017.09.08"]
[Round "1"]
[White "Picifarkinca"]
[Black "Lucaschess"]
[WhiteElo "1940"]
[BlackElo "2080"]
[Result "1-0"]
[Round "1"]
1.b4 e5
2.Bc1b2 Bf8xb4
3.Bb2xe5 Ng8f6
4.g3 O-O
5.Bf1g2 Rf8e8
6.Be5b2 d5
7.e3 c6
8.Ng1f3 Bc8g4
9.O-O Nb8d7
10.d3 Nd7e5
11.h3 Bg4xf3
12.Bg2xf3 Ne5xf3
13.Qd1xf3 Re8e6
14.Nb1c3 Qd8d7
15.Nc3e2 c5
16.Ne2f4 Re6d6
17.Bb2e5 g5
18.Nf4g2 Qd7e7
19.Be5xd6 Qe7xd6
20.Ra1b1 b6
21.Qf3f5 h6
22.h4 { resign }
1-0

[Event "Tourn. n9458"]
[Site "www.chess-mail.com"]
[Date "2017.09.08"]
[Round "1"]
[White "Bojan"]
[Black "Orhany24"]
[WhiteElo "1960"]
[BlackElo "2140"]
[Result "0-1"]
[Round "1"]
1.e4 e5
2.Ng1f3 Nb8c6
3.Nb1c3 Ng8f6
4.d4 exd4
5.Nf3xd4 d6
6.Nd4xc6 bxc6
7.Bf1e2 Bf8e7
8.Be2f3 Bc8d7
9.O-O O-O
10.Qd1d3 h6
11.Rf1e1 Rf8e8
12.e5 dxe5
13.Re1xe5 Be7d6
14.Re5e2 Re8xe2
15.Nc3xe2 Qd8e7
16.Bc1e3 Qe7e5
17.g3 Nf6d5
18.Be3d4 Qe5g5
19.Ne2c3 Bd7f5
20.Nc3e4 Qg5g6
21.Bf3g2 Nd5b4
22.Qd3e2 c5
23.Bd4c3 Ra8b8
24.b3 Kf8
25.a3 Nb4d5
26.Bc3b2 Rb8e8
27.f3 h5
28.Ra1e1 h4
29.g4 Nd5f4
30.Qe2f2 Bf5xe4
31.fxe4 Qg6xg4
32.Kh1 f6
33.Bg2f3 Nf4h3
34.Qf2f1 Qg4e6
35.e5 Nh3f4
36.Qf1f2 g5
37.Bf3h5 Re8e7
38.Qf2f3 Nf4xh5
39.Qf3xh5 Qe6d5
40.Kg1 Bd6xe5
41.Re1d1 Be5d4
42.Bb2xd4 cxd4
43.c4 Qd5e5
44.Qh5g4 c5
45.Rd1d3 Qe5e1
46.Kg2 Re7e2
{ resign }
0-1

[Event "Tourn. n9504"]
[Site "www.chess-mail.com"]
[Date "2017.09.08"]
[Round "1"]
[White "Bojan"]
[Black "Mitja"]
[WhiteElo "2020"]
[BlackElo "2090"]
[Result "1-0"]
[Round "1"]
1.e4 d5
2.exd5 Qd8xd5
3.Nb1c3 Qd5e5
4.Qd1e2 Qe5xe2
5.Bf1xe2 c6
6.b3 e6
7.Bc1b2 Ng8f6
8.Ng1f3 Bf8e7
9.Be2d3 h6
10.Nc3e4 Nf6xe4
11.Bd3xe4 O-O
12.Nf3e5 Nb8d7
13.Ne5xd7 Bc8xd7
14.O-O-O a6
15.f4 f5
16.Be4f3 Ra8d8
17.Bb2d4 Bd7c8
18.Bd4b6 Rd8d7
19.Rh1e1 Kf7
20.Re1e2 Be7d8
21.Bb6f2 Bd8c7
22.g3 g6
23.c4 Rd7d3
24.Bf3g2 Rf8e8
25.Bg2f1 Rd3d8
26.Kc2 Bc7a5
27.h3 b5
28.d3 Rd8d7
29.a3 Re8d8
30.Re2e5 Ba5c7
31.Re5e1 h5
32.Bf1e2 bxc4
33.dxc4 Bc8b7
34.Rd1xd7 Rd8xd7
35.Bf2e3 Bc7a5
36.b4 Ba5c7
37.g4 hxg4
38.hxg4 a5
39.Be2f3 axb4
40.axb4 Bc7b8
41.Re1h1 Kg7
42.Kc3 Kg8
43.gxf5 gxf5
44.Be3d4 Bb8xf4
45.Rh1h8 Kf7
46.Rh8h7 Ke8
47.Rh7h8 Ke7
48.b5 Kd6
49.c5 Ke7
50.Rh8h7 Kd8
51.Bd4f6 Kc8
52.Rh7h8 Rd7d8
53.Rh8xd8 Kc7
54.b6 { resign }
1-0

[Event "Tourn. n9488"]
[Site "www.chess-mail.com"]
[Date "2017.09.08"]
[Round "1"]
[White "Guidom"]
[Black "Karousek"]
[WhiteElo "2120"]
[BlackElo "2090"]
[Result "0-1"]
[Round "1"]
1.e4 c5
2.Ng1f3 d6
3.d4 cxd4
4.Nf3xd4 Ng8f6
5.Nb1c3 a6
6.Bf1d3 e6
7.O-O Bf8e7
8.Bc1e3 Nb8d7
9.Kh1 Qd8c7
10.f4 b5
11.f5 e5
12.Nd4f3 Nd7b6
13.Be3xb6 Qc7xb6
14.h3 Bc8b7
15.Qd1e2 O-O
16.Ra1d1 Rf8e8
17.a3 Ra8d8
18.Rd1d2 d5
19.exd5 Nf6xd5
20.Nc3xd5 Bb7xd5
21.Bd3e4 Bd5c4
22.Be4d3 e4
23.Qe2xe4 Be7g5
24.Nf3xg5 Re8xe4
25.Ng5xe4 Bc4xd3
26.cxd3 Qb6d4
27.Rf1e1 f6
28.Kh2 Qd4e5
29.g3 Qe5xf5
30.Kg2 Qf5d5
31.Re1e3 f5
32.Kf3 fxe4
33.Re3xe4 Rd8e8
34.Ke3 Re8xe4
35.dxe4 Qd5g5
36.Ke2 Qg5xg3
37.Rd2c2 h5
38.Kd2 Qg3xh3
39.Rc2c3 Qh3g2
40.Kc1 Qg2xe4
{ resign }
0-1

[Event "Tourn. n9453"]
[Site "www.chess-mail.com"]
[Date "2017.09.08"]
[Round "1"]
[White "Passaroa25"]
[Black "Cal"]
[WhiteElo "1680"]
[BlackElo "1650"]
[Result "1-0"]
[Round "1"]
1.e4 e5
2.c3 a6
3.d3 h6
4.Nb1d2 Ng8f6
5.f3 Nb8c6
6.Ng1e2 b5
7.Ne2g3 Bc8b7
8.Nd2b3 Bf8e7
9.Bc1e3 d6
10.Be3f2 O-O
11.Bf1e2 Nf6h5
12.Ng3xh5 Be7g5
13.Nb3d2 Qd8e7
14.Nh5g3 Qe7e6
15.Ng3f5 Nc6e7
16.O-O d5
17.Bf2c5 dxe4
18.Nf5xe7 Bg5xe7
19.Nd2xe4 Bb7xe4
20.Bc5xe7 Qe6xe7
21.dxe4 Ra8d8
22.Qd1b3 Rd8d2
23.Rf1f2 Rf8d8
24.g4 Qe7h4
25.Ra1d1 Rd2xd1
26.Be2xd1 c5
27.Kf1 c4
28.Qb3c2 Rd8d3
29.Bd1e2 Rd3e3
30.Ke1 Qh4g5
31.Kd1 Qg5h4
32.Ke1 Qh4g5
33.Qc2d2 h5
34.h3 hxg4
35.fxg4 Re3xh3
36.Qd2xg5 Rh3h1
37.Rf2f1 Rh1xf1
38.Be2xf1 a5
39.Qg5d8 { resign }
1-0

[Event "Tourn. n9480"]
[Site "www.chess-mail.com"]
[Date "2017.09.08"]
[Round "1"]
[White "Goofy"]
[Black "Luban"]
[WhiteElo "2260"]
[BlackElo "2150"]
[Result "1/2-1/2"]
[Round "1"]
1.e4 c5
2.d4 cxd4
3.c3 d5
4.exd5 Qd8xd5
5.cxd4 e6
6.Nb1c3 Bf8b4
7.Ng1f3 h6
8.Bc1d2 Bb4xc3
9.bxc3 b5
10.Qd1b3 Bc8d7
11.Qb3xd5 exd5
12.Nf3e5 Ng8f6
13.Ne5xd7 Nb8xd7
14.Bf1xb5 O-O
15.f3 Nd7b6
16.O-O Nb6c4
17.Bb5xc4 dxc4
18.Ra1b1 Ra8b8
19.Kf2 Nf6d5
20.Rf1e1 Rf8d8
21.a4 f6
22.h3 Kf7
23.Rb1b5 Rb8xb5
24.axb5 Rd8b8
25.Re1b1 Nd5c7
26.Rb1b4 Rb8xb5
27.Rb4xc4 Rb5b7
28.Rc4b4 Rb7xb4
29.cxb4 Ke6
30.Ke3 Kd5
31.Kd3 Nc7b5
32.Bd2e3 Nb5d6
33.g4 Nd6b5
34.Be3f2 { draw }
1/2-1/2

[Event "Tourn. n9497"]
[Site "www.chess-mail.com"]
[Date "2017.09.08"]
[Round "1"]
[White "Cjood"]
[Black "Prize64"]
[WhiteElo "1900"]
[BlackElo "1740"]
[Result "0-1"]
[Round "1"]
1.c4 c5
2.Nb1c3 Nb8c6
3.e3 g6
4.Ng1f3 Bf8g7
5.d4 Ng8f6
6.d5 Nc6b8
7.Bf1d3 d6
8.a3 O-O
9.h3 Nb8a6
10.Bc1d2 Ra8b8
11.O-O Na6c7
12.b4 b6
13.b5 e6
14.dxe6 fxe6
15.Qd1c2 d5
16.Nf3g5 Qd8e8
17.h4 Bg7h6
18.cxd5 exd5
19.a4 c4
20.Bd3e2 Bc8f5
21.Qc2d1 Rb8d8
22.f4 Nf6e4
23.Nc3xe4 Bf5xe4
24.Ng5xe4 Qe8xe4
25.Be2f3 Qe4e7
26.Qd1b1 Qe7xh4
27.Bd2e1 Qh4e7
28.Kf2 Rf8e8
29.Qb1c1 Qe7c5
30.g3 Bh6g7
31.Ra1b1 c3
32.Rb1b3 Re8xe3
33.Kg2 d4
34.Be1f2 Re3xf3
35.Kxf3 Qc5d5
36.Kg4 Qd5h5
{ resign }
0-1

[Event "Match"]
[Site "www.echecsemail.com"]
[Date "2017.09.08"]
[Round "1"]
[White "Cjood"]
[Black "Llord"]
[WhiteElo "1900"]
[BlackElo "1900"]
[Result "0-1"]
[Round "1"]
1.d4 Ng8f6
2.c4 Nb8c6
3.Nb1c3 d5
4.e3 Bc8f5
5.c5 Qd8d7
6.h3 e5
7.Ng1e2 Nf6e4
8.Nc3xe4 Bf5xe4
9.f3 Be4f5
10.g4 Bf5e6
11.a3 Bf8e7
12.b4 a6
13.Bf1g2 Be7h4
14.Kf1 O-O
15.dxe5 Nc6xe5
16.Ne2f4 c6
17.Bc1b2 Ne5c4
18.Bb2c1 Bh4f6
19.Ra1b1 h6
20.Nf4xe6 fxe6
21.f4 Ra8d8
22.Qd1e2 e5
23.fxe5 Bf6xe5
24.Kg1 Rd8e8
25.e4 Be5d4
26.Kh2 Qd7c7
27.e5 Bd4xe5
28.Kg1 Be5d4
{ resign }
0-1

[Event "Match"]
[Site "www.echecsemail.com"]
[Date "2017.09.08"]
[Round "1"]
[White "Cjood"]
[Black "Chapi"]
[WhiteElo "2000"]
[BlackElo "2190"]
[Result "0-1"]
[Round "1"]
1.e4 c5
2.Ng1f3 Nb8c6
3.Bf1c4 g6
4.d4 cxd4
5.Nf3xd4 Bf8g7
6.Qd1f3 Nc6e5
7.Qf3b3 Ne5xc4
8.Qb3xc4 d6
9.Nd4b5 Kd7
10.Qc4xf7 Qd8f8
11.Qf7xf8 Bg7xf8
12.Bc1e3 Bf8g7
13.Nb1c3 a6
14.Nb5d4 Ng8f6
15.O-O b5
16.b4 Bc8b7
17.f3 Ra8c8
18.Nc3e2 Rc8c4
19.a3 Nf6e8
20.c3 Ne8c7
21.Ra1c1 Nc7e6
22.Nd4xe6 Kxe6
23.Rf1e1 Rh8c8
24.Be3d4 Bg7h6
25.Rc1c2 Kd7
26.g4 e5
27.Bd4f2 Rc8f8
28.Kg2 Rc4xe4
29.Kf1 Rf8xf3
30.Ne2g1 Rf3f6
31.Re1xe4 Bb7xe4
32.Rc2a2 Be4d5
33.Ra2c2 e4
34.Ke1 Bd5c4
35.Bf2d4 Rf6f1
{ resign }
0-1

[Event "Match"]
[Site "www.echecsemail.com"]
[Date "2017.09.08"]
[Round "1"]
[White "Cjood"]
[Black "Guidom"]
[WhiteElo "2000"]
[BlackElo "2150"]
[Result "0-1"]
[Round "1"]
1.e4 e5
2.Ng1f3 Nb8c6
3.Bf1c4 d6
4.d4 exd4
5.Nf3xd4 Nc6e5
6.Bc4e2 Ng8f6
7.Nb1c3 Bf8e7
8.h3 O-O
9.f4 Ne5g6
10.g4 d5
11.f5 Ng6e5
12.exd5 Nf6xd5
13.Nc3e4 Be7h4
14.Kf1 c6
15.Bc1f4 Nd5xf4
16.c3 Nf4xe2
17.Qd1xe2 Rf8e8
18.Ra1d1 Qd8e7
19.Rh1g1 Ne5c4
20.Qe2xc4 Qe7xe4
21.Qc4d3 Qe4f4
22.Nd4f3 h6
23.Kg2 Qf4g3
24.Kh1 Qg3xh3
25.Nf3h2 Re8e3
26.Qd3d6 Bh4g3
27.Rg1xg3 Re3xg3
28.Rd1g1 Rg3d3
29.Qd6e5 c5
30.Qe5e8 Kh7
31.Qe8xf7 Bc8d7
32.f6 Bd7c6
{ resign }
0-1

[Event "Match"]
[Site "www.echecsemail.com"]
[Date "2017.09.08"]
[Round "1"]
[White "Cjood"]
[Black "Fangshuo"]
[WhiteElo "1950"]
[BlackElo "2040"]
[Result "0-1"]
[Round "1"]
1.d4 e6
2.Bc1f4 d5
3.c4 c5
4.cxd5 exd5
5.dxc5 Bf8xc5
6.e4 dxe4
7.Qd1a4 Nb8c6
8.Nb1c3 Ng8f6
9.Ra1d1 Qd8e7
10.Nc3d5 Nf6xd5
11.Rd1xd5 O-O
12.Bf1c4 Bc8g4
13.Bf4g5 Bc5b4
14.Bg5d2 Bb4xd2
15.Kxd2 e3
16.fxe3 Rf8e8
17.Rd5d3 Ra8d8
18.Kc1 Rd8xd3
19.Bc4xd3 Qe7xe3
20.Kc2 Nc6d4
21.Kc3 Re8c8
22.Kb4 Qe3xd3
{ resign }
0-1

[Event "Match"]
[Site "www.echecsemail.com"]
[Date "2017.09.08"]
[Round "1"]
[White "Mdesouza"]
[Black "Cjood"]
[WhiteElo "2230"]
[BlackElo "1860"]
[Result "1/2-1/2"]
[Round "1"]
1.b3 e5
2.Bc1b2 Nb8c6
3.g3 d5
4.Bf1g2 Ng8f6
5.d3 Bf8d6
6.Nb1d2 Bc8e6
7.Ng1f3 h6
8.O-O Qd8d7
9.c4 d4
10.Ra1c1 b6
11.e3 dxe3
12.fxe3 O-O-O
13.d4 exd4
14.exd4 Be6g4
15.Qd1c2 Rh8e8
16.Rc1e1 Re8xe1
17.Rf1xe1 Bd6b4
18.Nd2e4 Bg4xf3
19.Bg2xf3 Bb4xe1
20.Ne4xf6 gxf6
21.Qc2e4 Rd8e8
22.Qe4xc6 Qd7xc6
23.Bf3xc6 Re8e2
24.Bb2c1 Re2xa2
25.Bc1xh6 Ra2a3
26.Bc6a4 Kd8
27.Bh6f4 Ra3a1
28.Kg2 Ra1a2
29.Kf3 Be1d2
30.h4 Bd2xf4
31.Kxf4 Ra2h2
32.Kf5 Rh2f2
33.Ke4 Ke7
34.g4 Rf2h2
35.h5 Kf8
36.Kd5 Rh2h4
37.Ba4d7 Rh4h3
38.b4 Rh3d3
39.Bd7f5 Rd3c3
40.b5 Rc3h3
41.Kc6 Rh3c3
42.c5 Rc3b3
43.Bf5d7 bxc5
44.dxc5 Rb3c3
45.Kxc7 Rc3xc5
46.Kb7 Ke7
47.Bd7c6 Rc5g5
48.h6 Rg5xg4
49.Bc6f3 Rg4h4
50.Kxa7 Rh4xh6
51.b6 Rh6h8
52.b7 f5
53.b8Q Rh8xb8
54.Kxb8 Ke6
55.Kb7 Kd6
56.Bf3g2 f4
57.Kb6 f5
58.Bg2f3 Ke6
59.Kc5 Ke5
{ draw }
1/2-1/2

[Event "Match"]
[Site "www.echecsemail.com"]
[Date "2017.09.08"]
[Round "1"]
[White "Fangshuo"]
[Black "Cjood"]
[WhiteElo "2040"]
[BlackElo "1940"]
[Result "1-0"]
[Round "1"]
1.e4 c5
2.Ng1f3 Nb8c6
3.Nb1c3 e6
4.Bf1b5 Qd8c7
5.Bb5xc6 dxc6
6.e5 b5
7.Nc3e4 c4
8.d4 cxd3
9.cxd3 Bc8b7
10.O-O c5
11.Bc1e3 Bb7xe4
12.dxe4 g6
13.Ra1c1 c4
14.Nf3d4 Qc7xe5
15.Rc1xc4 bxc4
16.Qd1a4 Ke7
17.Nd4c6 Kf6
18.Nc6xe5 Kxe5
19.Qa4xc4 f6
20.f4 Kd6
21.Qc4c5 Kd7
22.Rf1d1 { resign }
1-0

[Event "Match"]
[Site "www.echecsemail.com"]
[Date "2017.09.08"]
[Round "1"]
[White "Aiko1603"]
[Black "Cjood"]
[WhiteElo "2020"]
[BlackElo "1940"]
[Result "0-1"]
[Round "1"]
1.c4 g6
2.Nb1c3 Bf8g7
3.g3 e5
4.Bf1g2 c6
5.d3 Qd8c7
6.Ng1f3 d6
7.O-O Ng8e7
8.Bc1g5 Bc8e6
9.Bg5xe7 Qc7xe7
10.Qd1d2 Nb8d7
11.b4 O-O
12.a3 f5
13.Ra1b1 Bg7f6
14.h4 Bf6g7
15.Nf3g5 h6
16.Ng5xe6 Qe7xe6
17.b5 Ra8c8
18.bxc6 bxc6
19.Rb1b7 a6
20.Rb7a7 Nd7c5
21.Rf1b1 f4
22.Rb1b6 fxg3
23.fxg3 Qe6f6
24.Qd2e3 Qf6d8
25.Rb6xc6 Rc8xc6
26.Bg2xc6 Qd8b6
27.Bc6d5 Kh8
28.Ra7b7 Qb6a5
29.Rb7xg7 Kxg7
30.Nc3e4 Qa5e1
31.Kg2 Nc5xe4
32.Bd5xe4 Qe1f1
{ resign }
0-1

[Event "1/64 Finale"]
[Site "www.chess-mail.com"]
[Date "2017.09.08"]
[Round "1"]
[White "Piriot"]
[Black "Pwain"]
[WhiteElo "1909"]
[BlackElo "2400"]
[Result "1-0"]
[Round "1"]
1.Ng1f3 Ng8f6
2.e3 d5
3.c4 e6
4.Nb1c3 Bf8e7
5.d4 O-O
6.Qd1c2 b6
7.cxd5 exd5
8.Bf1b5 Bc8b7
9.O-O a6
10.Bb5d3 c5
11.b3 Nb8c6
12.a3 cxd4
13.exd4 Rf8e8
14.Rf1e1 h6
15.Bc1f4 Be7d6
16.Re1xe8 Nf6xe8
17.Bf4xd6 Qd8xd6
18.Nc3a4 Nc6a5
19.Nf3e5 Ra8c8
20.Qc2b2 Ne8f6
21.Ra1c1 Rc8xc1
22.Qb2xc1 Na5xb3
23.Qc1b2 Nb3a5
24.Na4xb6 Nf6e4
25.f3 Ne4f6
26.Nb6a4 Nf6e8
27.Na4c5 Bb7c8
28.Qb2c2 Ne8c7
29.Bd3h7 Kf8
30.Bh7f5 Bc8e6
31.Bf5xe6 Nc7xe6
32.Nc5xe6 fxe6
33.Qc2c8 Ke7
34.Qc8g8 Na5c4
35.Qg8xg7 Ke8
36.Qg7g8 Ke7
37.Qg8g7 Ke8
38.Qg7g6 Ke7
39.Qg6xh6 Nc4xe5
40.Qh6g5 Kf7
41.dxe5 Qd6b6
42.Kf1 d4
43.h4 Qb6b3
44.h5 d3
45.h6 Qb3d1
46.Kf2 d2
47.Qg5f6 Ke8
48.Qf6xe6 Kd8
49.Qe6b6 Ke8
50.Qb6b8 Ke7
51.Qb8b7 Kf8
52.Qb7g7 Ke8
53.Qg7g6 Ke7
54.Qg6e4 Qd1c1
55.h7 d1Q
56.h8Q Qd1g1
57.Kg3 Qc1g5
58.Qe4g4 Qg1e1
59.Kh2 Qe1xe5
60.Qh8xe5 Qg5xe5
61.f4 Qe5e3
62.Qg4g5 Kf7
63.Qg5h5 Kg8
64.Qh5g5 Kh7
65.Qg5f5 Kg8
66.a4 Qe3f2
67.Qf5g5 Kf7
68.a5 Qf2e2
69.Qg5d5 Kf8
70.Kg3 { resign }
1-0

[Event "Tourn. n9503"]
[Site "www.chess-mail.com"]
[Date "2017.09.09"]
[Round "1"]
[White "Falcoale"]
[Black "Bojan"]
[WhiteElo "2040"]
[BlackElo "2020"]
[Result "1-0"]
[Round "1"]
1.e4 e5
2.Ng1f3 Nb8c6
3.Bf1c4 h6
4.a3 Ng8f6
5.d3 d5
6.exd5 Nf6xd5
7.O-O Nd5b6
8.Bc4a2 Bf8d6
9.Rf1e1 O-O
10.h3 Qd8f6
11.Nb1c3 Qf6g6
12.Nc3b5 Bc8xh3
13.g3 e4
14.Nb5xd6 exf3
15.Nd6xb7 Bh3g2
16.Re1e4 Kh7
17.Nb7c5 Qg6h5
18.Re4h4 Qh5xc5
19.Bc1e3 Qc5f5
20.Ba2b1 Nc6e5
21.c3 Ne5g4
22.d4 Rf8e8
23.Bb1xf5 g6
24.Bf5xg4 h5
25.Bg4xf3 Bg2xf3
26.Qd1xf3 Ra8d8
27.Qf3f4 Rd8d7
28.Qf4h6 Kg8
29.b3 Nb6d5
30.Qh6g5 Nd5xc3
31.Rh4xh5 Rd7d5
32.Qg5xd5 Nc3xd5
33.Rh5xd5 { resign }
1-0

[Event "Tourn. n9430"]
[Site "www.chess-mail.com"]
[Date "2017.09.09"]
[Round "1"]
[White "Osopanda"]
[Black "Dussek"]
[WhiteElo "1680"]
[BlackElo "1759"]
[Result "1-0"]
[Round "1"]
1.e4 e6
2.d4 d5
3.Nb1d2 Nb8c6
4.Ng1f3 Bf8b4
5.c3 Bb4a5
6.Bf1b5 Bc8d7
7.O-O Qd8e7
8.exd5 Nc6b8
9.Bb5xd7 Qe7xd7
10.dxe6 fxe6
11.Rf1e1 Ng8e7
12.Nd2c4 Ba5b6
13.Nc4xb6 axb6
14.Qd1b3 O-O
15.Bc1g5 Ne7d5
16.c4 Nd5f6
17.Ra1d1 Qd7e8
18.d5 Qe8a4
19.dxe6 Qa4xb3
20.axb3 Nb8c6
21.Nf3e5 Nc6xe5
22.Re1xe5 Ra8d8
23.Rd1xd8 Rf8xd8
24.h3 Rd8d1
25.Kh2 Rd1d8
26.Bg5xf6 gxf6
27.e7 Rd8e8
28.Re5e2 Kf7
29.f4 Re8xe7
30.Re2xe7 Kxe7
31.g4 Ke6
32.Kg3 c6
33.Kf3 c5
34.Ke4 h6
35.h4 b5
36.cxb5 b6
37.g5 f5
38.Ke3 h5
39.Kd3 Kf7
40.Kc4 Ke6
41.b4 cxb4
42.b3 { resign }
1-0

[Event "Tourn. n9466"]
[Site "www.chess-mail.com"]
[Date "2017.09.09"]
[Round "1"]
[White "Lucaschess"]
[Black "Mihaiiorga"]
[WhiteElo "2110"]
[BlackElo "2140"]
[Result "1-0"]
[Round "1"]
1.e4 c5
2.Nb1c3 d6
3.f4 Ng8f6
4.Ng1f3 Bc8g4
5.h3 Bg4d7
6.g4 Bd7c6
7.Bf1b5 Bc6xb5
8.Nc3xb5 Nf6xe4
9.d3  { time }
1-0

[Event "Tourn. n9451"]
[Site "www.chess-mail.com"]
[Date "2017.09.09"]
[Round "1"]
[White "Claymil"]
[Black "Picifarkinca"]
[WhiteElo "2080"]
[BlackElo "1940"]
[Result "1/2-1/2"]
[Round "1"]
1.c4 e6
2.Nb1c3 Ng8f6
3.g3 c6
4.Bf1g2 d5
5.cxd5 exd5
6.e3 Bc8f5
7.d3 Bf8e7
8.h3 h6
9.Ng1e2 Nb8d7
10.a3 O-O
11.O-O Nd7c5
12.g4 Bf5xd3
13.b4 Bd3xe2
14.Nc3xe2 Nc5e4
15.f3 Ne4d6
16.Bc1b2 Nd6c4
17.Bb2c1 Qd8b6
18.Ne2d4 Rf8e8
19.Qd1d3 Ra8d8
20.Rf1e1 Be7d6
21.Nd4f5 Bd6b8
22.Kh1 Qb6c7
23.Kg1 Qc7h2
24.Kf1 Bb8g3
25.Nf5xg3 Qh2xg3
26.Ra1a2 Qg3c7
27.Ra2f2 Nf6d7
28.f4 Qc7b6
29.Rf2e2 Nc4d6
30.Bc1b2 Nd6e4
31.Bg2xe4 Re8xe4
32.Qd3c3 d4
33.Qc3d3 Re4xe3
34.Re2xe3 dxe3
35.Re1xe3 c5
36.Qd3c3 Nd7f6
37.bxc5 Qb6b5
38.Kf2 Rd8d3
39.Qc3xd3 Qb5xb2
40.Kf3 Qb2c1
41.g5 Qc1h1
42.Ke2 Qh1h2
43.Kd1 hxg5
44.fxg5 Qh2g1
45.Kc2 Qg1xg5
46.Re3g3 Qg5xc5
47.Kb3 Qc5b6
48.Ka4 Qb6c6
49.Kb3 Qc6b6
50.Ka2 Qb6f2
51.Kb3 Qf2b6
52.Ka2 Qb6f2
53.Kb3 Qf2b6
{ draw }
1/2-1/2

[Event "Tourn. n9487"]
[Site "www.chess-mail.com"]
[Date "2017.09.09"]
[Round "1"]
[White "Claymil"]
[Black "Amaya"]
[WhiteElo "2080"]
[BlackElo "2070"]
[Result "1-0"]
[Round "1"]
1.c4 Ng8f6
2.Nb1c3 g6
3.g3 Bf8g7
4.Bf1g2 O-O
5.e3 d6
6.Ng1e2 Nb8d7
7.d4 e5
8.dxe5 Nd7xe5
9.b3 Ra8b8
10.O-O Bc8f5
11.e4 Bf5e6
12.f4 Ne5c6
13.Bc1b2 Nf6d7
14.Nc3a4 Bg7xb2
15.Na4xb2 Be6g4
16.h3 Bg4xe2
17.Qd1xe2 Nc6d4
18.Qe2f2 b5
19.Qf2xd4 c5
20.Qd4xd6 Rb8b6
21.Qd6d3 Qd8c7
22.cxb5 Rb6d6
23.Qd3e2 Rf8d8
24.Nb2c4 Rd6d4
25.Nc4e3 Nd7b6
26.Ra1d1 Rd4xd1
27.Rf1xd1 Rd8d4
28.Rd1xd4 cxd4
29.Ne3g4 Qc7c3
30.Ng4e5 Qc3xg3
31.Qe2f2 Qg3c3
32.Bg2f1 Nb6c8
33.Qf2e2 Qc3g3
34.Bf1g2 Nc8d6
35.Ne5d3 Nd6xb5
36.a4 Nb5c3
37.Qe2f3 Qg3h4
38.e5 f5
39.Qf3a8 Kg7
40.Qa8xa7 Kh6
41.Kf1 Qh4g3
42.Qa7xd4 Nc3d1
43.Kg1 Nd1e3
44.Qd4b2 Ne3xg2
45.Qb2xg2 Qg3xd3
46.Qg2g5 Kg7
47.Kh2 Qd3d2
48.Kg3 Qd2e3
49.Kh4 Qe3xb3
50.Qg5e7 Kg8
51.e6 Qb3c4
52.Qe7f7 Kh8
53.Qf7f8 { resign }
1-0

[Event "Tourn. n9512"]
[Site "www.chess-mail.com"]
[Date "2017.09.09"]
[Round "1"]
[White "Fantomas"]
[Black "Bigrezi"]
[WhiteElo "2180"]
[BlackElo "2120"]
[Result "0-1"]
[Round "1"]
1.c4 g6
2.d4 Ng8f6
3.Nb1c3 Bf8g7
4.Ng1f3 c5
5.dxc5 Nb8a6
6.e3 Na6xc5
7.Bf1e2 d6
8.O-O O-O
9.h3 Bc8d7
10.Nf3d4 Nf6e4
11.Nc3xe4 Nc5xe4
12.Be2f3 f5
13.Ra1b1 Ra8c8
14.Bf3e2 Qd8a5
15.a3 e5
16.Nd4b3 Qa5a6
17.c5 Bd7b5
18.Be2xb5 Qa6xb5
19.cxd6 Rf8d8
20.f3 Rd8xd6
21.Nb3d2 Ne4xd2
22.Bc1xd2 Qb5d3
23.Rf1f2 Rc8c2
{ resign }
0-1

[Event "Tourn. n9472"]
[Site "www.chess-mail.com"]
[Date "2017.09.09"]
[Round "1"]
[White "Sorim"]
[Black "Awfen"]
[WhiteElo "1930"]
[BlackElo "2030"]
[Result "0-1"]
[Round "1"]
1.e4 Nb8c6
2.d4 e5
3.Ng1f3 d6
4.Bf1b5 Bc8d7
5.O-O Ng8f6
6.Bb5xc6 bxc6
7.dxe5 Nf6xe4
8.Nb1d2 Ne4g5
9.Nf3xg5 Qd8xg5
10.Nd2f3 Qg5g6
11.Rf1e1 O-O-O
12.Qd1d4 c5
13.Qd4d5 c6
14.Qd5c4 Kb7
15.Re1e3 d5
16.Re3b3 Ka8
17.Qc4a6 Bd7c8
18.Qa6a5 Bf8e7
19.Qa5c7 Bc8a6
20.Qc7xe7 Qg6xc2
21.Bc1e3 d4
22.Ra1c1 dxe3
{ resign }
0-1

[Event "Match"]
[Site "www.echecsemail.com"]
[Date "2017.09.09"]
[Round "1"]
[White "Caspito"]
[Black "Azocarwagner"]
[WhiteElo "1970"]
[BlackElo "1870"]
[Result "1/2-1/2"]
[Round "1"]
1.e4 e5
2.Ng1f3 Nb8c6
3.Bf1c4 h6
4.c3 Ng8f6
5.Qd1a4 Bf8c5
6.Bc4xf7 Kxf7
7.Qa4c4 Ke8
8.Qc4xc5 d6
9.Qc5c4 Nc6a5
10.Qc4a4 Na5c6
11.d3 Bc8d7
12.Qa4b3 b6
13.Nf3h4 Nc6a5
14.Qb3c2 g5
15.Nh4f5 Bd7xf5
16.exf5 Qd8d7
17.d4 exd4
18.cxd4 Qd7e7
19.Bc1e3 Nf6d5
20.Qc2d3 Nd5b4
21.Qd3c3 Nb4d5
22.Qc3d2 Na5c4
23.Qd2e2 b5
24.O-O Kd7
25.Nb1c3 Ra8g8
26.Nc3xd5 Qe7f7
27.Qe2f3 g4
28.Qf3e4 h5
29.f6 h4
30.Qe4f5 Kc6
31.Nd5e7 Kb7
32.Ne7xg8 Rh8xg8
33.Qf5xb5 Nc4b6
34.a4 Qf7xf6
35.a5 a6
36.Qb5b3 d5
37.axb6 c6
38.Qb3a4 Rg8a8
39.b4 Qf6e6
40.Qa4a5 Qe6e4
41.Qa5c5 h3
42.f3 Qe4xe3
43.Kh1 Qe3e2
44.Rf1g1 Ra8g8
45.Ra1e1 hxg2
46.Rg1xg2 Qe2xe1
47.Rg2g1 Qe1e3
48.Qc5c2 Qe3xf3
49.Rg1g2 g3
50.Qc2h7 Kxb6
51.Qh7xg8 Qf3d1
52.Rg2g1 Qd1f3
53.Rg1g2 Qf3f1
54.Rg2g1 Qf1f3
55.Rg1g2 { draw }
1/2-1/2

[Event "Tourn. n9412"]
[Site "www.chess-mail.com"]
[Date "2017.09.10"]
[Round "1"]
[White "Jaroslavpech"]
[Black "Pdebonis"]
[WhiteElo "2300"]
[BlackElo "2720"]
[Result "1/2-1/2"]
[Round "1"]
1.d4 Ng8f6
2.c4 e6
3.Nb1c3 Bf8b4
4.e3 O-O
5.Bf1d3 d5
6.Ng1f3 c5
7.O-O Nb8c6
8.a3 Bb4xc3
9.bxc3 Qd8c7
10.cxd5 exd5
11.a4 Rf8e8
12.Bc1a3 c4
13.Bd3c2 Bc8g4
14.Qd1e1 Bg4xf3
15.gxf3 b6
16.Qe1e2 Nc6a5
17.Rf1b1 Ra8c8
18.Kh1 Na5b3
19.Bc2xb3 cxb3
20.Rb1xb3 Qc7c6
21.a5 bxa5
22.Ba3c5 Nf6d7
23.Ra1xa5 Nd7xc5
24.dxc5 Qc6d7
25.Rb3a3 Qd7h3
{ draw }
1/2-1/2

[Event "Tourn. n9309"]
[Site "www.chess-mail.com"]
[Date "2017.09.10"]
[Round "1"]
[White "Nimzo"]
[Black "Szustan"]
[WhiteElo "2730"]
[BlackElo "2620"]
[Result "1-0"]
[Round "1"]
1.d4 d5
2.c4 dxc4
3.e4 e5
4.Ng1f3 exd4
5.Bf1xc4 Bf8b4
6.Nb1d2 Nb8c6
7.O-O Ng8f6
8.e5 Nf6d5
9.Nd2b3 Bb4e7
10.Nb3xd4 Nc6xd4
11.Qd1xd4 Bc8e6
12.Qd4e4 c6
13.Nf3d4 Qd8d7
14.Bc1e3 O-O
15.Ra1d1 Ra8d8
16.Nd4xe6 fxe6
17.Be3xa7 b5
18.Bc4d3 g6
19.Ba7e3 Nd5xe3
20.Qe4xe3 Qd7d5
21.Qe3g3 Be7c5
22.Kh1 Bc5d4
23.f4 Kg7
24.h4 Kh8
25.Qg3g5 Rd8d7
26.b3 Rd7f7
27.Rf1f3 Bd4b6
28.Qg5g4 Bb6d4
29.h5 g5
30.fxg5 Rf7xf3
31.gxf3 Bd4xe5
32.Bd3c2 Qd5xf3
33.Qg4xf3 Rf8xf3
34.Rd1d8 Kg7
35.h6 Kf7
36.Rd8d7 Ke8
37.Rd7xh7 Rf3h3
38.Kg1 Rh3g3
39.Kf1 Rg3xg5
40.a4 bxa4
41.bxa4 Rg5g3
42.Rh7a7 Rg3h3
43.h7 c5
44.a5 c4
45.Bc2a4 Kd8
46.Ke2 Rh3h2
47.Kf3 Rh2h1
48.a6 Rh1a1
49.Ba4c6 c3
50.Ke4 Ra1e1
51.Kd3 Re1d1
52.Kc2 { resign }
1-0

[Event "Tourn. n9494"]
[Site "www.chess-mail.com"]
[Date "2017.09.10"]
[Round "1"]
[White "Bigrezi"]
[Black "Nulladies"]
[WhiteElo "2070"]
[BlackElo "1970"]
[Result "1-0"]
[Round "1"]
1.e4 c5
2.Ng1f3 g6
3.Nb1c3 Nb8c6
4.d4 cxd4
5.Nf3xd4 Bf8g7
6.Bc1e3 Ng8f6
7.Nd4xc6 bxc6
8.e5 Nf6d5
9.Nc3xd5 cxd5
10.Qd1xd5 Ra8b8
11.O-O-O O-O
12.Be3xa7 Rb8b7
13.Ba7d4 e6
14.Qd5d6 Qd8g5
15.Kb1 Rf8e8
16.Bd4c3 f6
17.h4 Bg7f8
18.hxg5 Bf8xd6
19.exd6 f5
20.Rh1h6 e5
21.Bf1c4 Kg7
22.Rd1h1 Rb7b6
23.Rh6xh7 { resign }
1-0

[Event "Tourn. n9521"]
[Site "www.chess-mail.com"]
[Date "2017.09.10"]
[Round "1"]
[White "Heaven"]
[Black "Prize64"]
[WhiteElo "1639"]
[BlackElo "1740"]
[Result "0-1"]
[Round "1"]
1.e4 c5
2.Ng1e2 Nb8c6
3.c3 Ng8f6
4.f3 d5
5.Ne2g3 dxe4
6.Ng3xe4 Nf6xe4
7.fxe4 e5
8.Qd1f3 Bf8e7
9.Bf1b5 Bc8d7
10.Rh1f1 O-O
11.Bb5c4 Bd7e6
12.Bc4xe6 fxe6
13.Qf3g4 Rf8xf1
14.Kxf1 Qd8d3
15.Qg4e2 Ra8f8
16.Ke1 Qd3d7
17.d3 Rf8d8
18.Kd2 Be7g5
19.Kc2 Bg5xc1
20.Kxc1 Qd7xd3
21.Qe2xd3 Rd8xd3
22.Kc2 Rd3e3
23.Nb1d2 Re3e2
24.Ra1g1 Kf7
25.Kd3 Re2f2
{ resign }
0-1